[Event "Rubinstein Memorial-A 54th"]
[Site "Polanica Zdroj"]
[Date "2018.08.26"]
[Round "9"]
[White "Gospodarczyk, Wojciech"]
[Black "Jedynak, January"]
[Result "1-0"]
[WhiteElo "1523"]
[BlackElo "1827"]
[PlyCount "61"]
[EventDate "2018.08.18"]
[EventType "swiss"]
[EventRounds "9"]
[EventCountry "POL"]
[SourceTitle "CBM 186 Extra"]
[Source "ChessBase"]
[SourceDate "2018.08.24"]
[SourceVersion "1"]
[SourceVersionDate "2018.08.24"]
[SourceQuality "1"]

1. d4 d5 2. c4 c6 3. Nc3 e6 4. Nf3 Nf6 5. g3 Nbd7 6. Bg2 dxc4 7. a4 c5 8. 0-0 Be7 9. a5 0-0 10. e3 Nd5 11. Qe2 cxd4 12. exd4 N7f6 13. Qxc4 Bd7 14. Ne5 Rc8 15. Qb3 Bc6 16. Nxc6 bxc6 17. Qd1 Rb8 18. Qe2 Bb4 19. Nxd5 cxd5 20. Bd2 Qd6 21. Bf4 Qc6 22. Bxb8 Rxb8 23. Rfc1 Qb7 24. Rc2 h6 25. a6 Qb6 26. Qd3 Ne8 27. Rac1 Nd6 28. Rc7 Nc4 29. Rb7 Rxb7 30. axb7 Qxb7 31. Qxc4 1-0

[Event "Rubinstein Memorial-A 54th"]
[Site "Polanica Zdroj"]
[Date "2018.08.23"]
[Round "6"]
[White "Gospodarczyk, Wojciech"]
[Black "Konieczynski, Piotr"]
[Result "1/2-1/2"]
[WhiteElo "1523"]
[BlackElo "1897"]
[PlyCount "125"]
[EventDate "2018.08.18"]
[EventType "swiss"]
[EventRounds "9"]
[EventCountry "POL"]
[SourceTitle "CBM 186 Extra"]
[Source "ChessBase"]
[SourceDate "2018.08.24"]
[SourceVersion "1"]
[SourceVersionDate "2018.08.24"]
[SourceQuality "1"]

1. Nf3 d5 2. e3 Nf6 3. c4 c5 4. cxd5 Nxd5 5. Nc3 Nc7 6. Bc4 e6 7. b3 Be7 8. Bb2 0-0 9. 0-0 Nc6 10. Ne4 b6 11. d4 cxd4 12. Nxd4 Bb7 13. Qg4 Ne5 14. Qg3 Ng6 15. Nc3 Nd5 16. Nxd5 Bxd5 17. Bxd5 Qxd5 18. Rac1 Bd6 19. Qf3 Qxf3 20. Nxf3 Rfc8 21. Rfd1 Rxc1 22. Bxc1 Rd8 23. Kf1 h6 24. Ba3 Bc7 25. Rxd8+ Bxd8 26. Bb2 Bc7 27. Ke2 f6 28. Kd3 Kf7 29. Kc4 a6 30. Bc3 Ke7 31. a4 Kd7 32. b4 Ne7 33. e4 Nc8 34. h3 Nd6+ 35. Kd3 e5 36. Nd2 b5 37. axb5 axb5 38. f3 g6 39. Bb2 Nf7 40. Nb1 Bd6 41. Ba3 Ng5 42. Nc3 Kc6 43. Nd5 Ne6 44. Nxf6 Nf4+ 45. Kd2 Nxg2 46. Nd5 Nf4 47. Nxf4 exf4 48. Kd3 Be5 49. Bc1 Kd6 50. Bd2 Ke6 51. Bc3 Bxc3 52. Kxc3 Ke5 53. Kd3 g5 54. Kc3 h5 55. Kd3 h4 56. Kc3 g4 57. fxg4 Kxe4 58. Kd2 f3 59. Kd1 Kd4 60. Ke1 Ke5 61. Kf1 Ke4 62. Kf2 Kf4 63. Kf1 1/2-1/2

[Event "Rubinstein Memorial-A 54th"]
[Site "Polanica Zdroj"]
[Date "2018.08.21"]
[Round "4"]
[White "Gospodarczyk, Wojciech"]
[Black "Jablonski, Miroslaw"]
[Result "1/2-1/2"]
[WhiteElo "1523"]
[BlackElo "1915"]
[PlyCount "71"]
[EventDate "2018.08.18"]
[EventType "swiss"]
[EventRounds "9"]
[EventCountry "POL"]
[SourceTitle "CBM 186 Extra"]
[Source "ChessBase"]
[SourceDate "2018.08.24"]
[SourceVersion "1"]
[SourceVersionDate "2018.08.24"]
[SourceQuality "1"]

1. Nf3 d5 2. d4 Nf6 3. g3 e6 4. Bg2 Nbd7 5. c4 c6 6. Nbd2 Bd6 7. 0-0 b6 8. Re1 Bb7 9. b3 0-0 10. Bb2 Qb8 11. Rc1 h6 12. a3 a5 13. Kh1 Ng4 14. Kg1 f5 15. e3 g5 16. Qe2 Ngf6 17. Rf1 Rf7 18. Ne1 Rh7 19. f4 g4 20. Nd3 Qf8 21. Qd1 Ba6 22. Ra1 h5 23. Ne5 Rc8 24. Re1 Qh6 25. Kf2 h4 26. Rh1 Bxe5 27. dxe5 Nh5 28. Rc1 Nc5 29. Qc2 Rd8 30. Rcd1 Rhd7 31. a4 h3 32. Bf1 Bb7 33. Be2 Na6 34. Bc3 Nb4 35. Bxb4 axb4 36. c5 1/2-1/2

[Event "Rubinstein Memorial-A 54th"]
[Site "Polanica Zdroj"]
[Date "2018.08.19"]
[Round "2"]
[White "Piliczewski, Bogusz"]
[Black "Gospodarczyk, Wojciech"]
[Result "1-0"]
[WhiteElo "2112"]
[BlackElo "1523"]
[PlyCount "67"]
[EventDate "2018.08.18"]
[EventType "swiss"]
[EventRounds "9"]
[EventCountry "POL"]
[SourceTitle "CBM 186 Extra"]
[Source "ChessBase"]
[SourceDate "2018.08.24"]
[SourceVersion "1"]
[SourceVersionDate "2018.08.24"]
[SourceQuality "1"]

1. d4 d6 2. Nf3 Nd7 3. Bf4 Ngf6 4. h3 g6 5. e3 Bg7 6. c4 0-0 7. Nc3 Re8 8. Be2 Nh5 9. Bh2 f5 10. Ng5 e5 11. Nf3 e4 12. Nd2 Nhf6 13. b4 Qe7 14. c5 d5 15. Nb5 b6 16. Nxc7 Bb7 17. Nxa8 Rxa8 18. Rc1 bxc5 19. bxc5 Bc6 20. Rb1 Nf8 21. Bb5 Bxb5 22. Rxb5 N8d7 23. 0-0 h5 24. Qa4 g5 25. Rb7 Qe8 26. Rxa7 Rc8 27. Rb1 Nxc5 28. Qxe8+ Nxe8 29. dxc5 Rxc5 30. Nb3 Rc2 31. Rc1 Rb2 32. Nd4 Bxd4 33. exd4 h4 34. Be5 1-0